Daňová zaťaženosť podnikateľov v SR a analýza jej vývoja diplomová práca

Enregistré dans:
Détails bibliographiques
Auteur principal: Halický, Jakub
Collectivité auteur: Fakulta hospodárskej informatiky EU. Katedra účtovníctva a audítorstva
Autres auteurs: Vašeková, Miroslava, 1978-
Format: Livre
Langue:slovaque
Publié: Bratislava 2016
Tags: Ajouter un tag
Pas de tags, Soyez le premier à ajouter un tag!

MARC

LEADER 00000nbm a2200000 4500
001 0216875
005 20240905084803.2
041 0 |a slo 
044 |a SK 
245 1 0 |a Daňová zaťaženosť podnikateľov v SR a analýza jej vývoja  |b diplomová práca  |c Jakub Halický ; školiteľ: Miroslava Vašeková 
264 1 |a Bratislava  |c 2016 
300 |a 77 s. 
100 1 |a Halický, Jakub 
700 1 |a Vašeková, Miroslava, 1978- 
710 2 |a Fakulta hospodárskej informatiky EU. Katedra účtovníctva a audítorstva